Batista's WrestleMania Opponents - Statistics

General Stats
  • This quiz has been taken 212 times
  • The average score is 8 of 9
Answer Stats
WrestleMania Opponent % Correct
WrestleMania 21 Triple H
99%
WrestleMania 35 Triple H
99%
WrestleMania XXX Randy Orton
96%
WrestleMania XXVI John Cena
94%
WrestleMania 23 The Undertaker
94%
WrestleMania XXX Daniel Bryan
92%
WrestleMania XX The Rock
76%
WrestleMania XX Mick Foley
75%
WrestleMania XXIV Umaga
67%
No matching quizzes found
Score Distribution
Percent of People with Each Score
Percentile by Number Answered
Your Score History
You have not taken this quiz